Revista Triloga̕

Detalles Bibliográficos
Formato: Desconocido
Lenguaje:español
Publicado: Queretato : Revista Triloga̕
Materias:
Acceso en línea:Acceso restringido

MARC

LEADER 00000ny a22000003n 4500
005 20110510135350.0
008 950713c19uu9999mx mr 0 b spa
035 |a 2340 
040 |a BUS  |d vLex 
090 |c 1559  |d 1559 
245 3 0 |a Revista Triloga̕  |h [Recurso electrn̤ico] 
246 3 |a Triloga̕ 
256 |a Servicio en ln̕ea 
260 |a Queretato :  |b Revista Triloga̕ 
310 |a Trimestral 
506 1 |a Contenido solo disponible en los productos indicados  |d vLex Global  |d vLex Global (Academic Edition, excluding Law Schools)  |d vLex Global (U.S. Academic Edition, Law Schools)  |d vLex Global (U.S. Academic Edition, excluding Law Schools)  |d vLex Global (Academic Edition, Law Schools) 
650 0 4 |a Derecho  |x Filosofa̕  |x Publicaciones perid̤icas 
650 0 4 |a Derecho  |x Publicaciones perid̤icas 
740 0 |a vLex Revista (Servicios en ln̕ea) 
843 |a Electrn̤ica. Abierta 
853 |8 1  |i (year)  |j (month)  |k (day) 
856 4 0 |u http://vlex.com/source/2340  |z Acceso restringido 
942 |c REV